| 000 | 00542nam a2200145 a 4500 | ||
|---|---|---|---|
| 008 | 091203s1998 ||||||||||||||||| || u | ||
| 050 | _aPAPERS/STAFF | ||
| 100 | _aChalata, M | ||
| 245 | 1 | 0 | _aIdentification of trainees and their training needs |
| 260 |
_aLusaka _c1998 |
||
| 350 | _a0.00 | ||
| 650 | _aEMPLOYEES--TRAINING OF | ||
| 650 | 0 | _aEDUCATIONAL TESTS AND MEASUREMENTS | |
| 995 |
_D0.00 _FCBU-MAIN LIBRARY (Kitwe) _H1 _I0.00 _M1 _UAVAILABLE _WDec 3, 2009 _ZUniversity Collection |
||
| 999 |
_c46122 _d46122 |
||